[Event "Uljanovsk Petrosian Memorial op"]
[Site "Uljanovsk"]
[Date "2009.06.28"]
[Round "8"]
[White "Mironov, Vitaly Viktorovich"]
[Black "Naumetov, Robert"]
[Result "1/2-1/2"]
[WhiteElo "2171"]
[BlackElo "1937"]
[PlyCount "28"]
[EventDate "2009.06.20"]
[EventType "swiss"]
[EventRounds "9"]
[EventCountry "RUS"]
[SourceTitle "EXT 2012"]
[Source "ChessBase"]
[SourceDate "2011.11.24"]
[SourceVersion "1"]
[SourceVersionDate "2011.11.24"]
[SourceQuality "1"]

1. d4 Nf6 2. c4 e6 3. Nf3 b6 4. g3 Bb7 5. Bg2 Be7 6. Nc3 0-0 7. 0-0 Ne4 8. Qc2 f5 9. Nd2 d5 10. Rd1 Bf6 11. Nb3 Nd7 12. f3 Nxc3 13. Qxc3 Qe7 14. cxd5 exd5 1/2-1/2

[Event "Uljanovsk Petrosian Memorial op"]
[Site "Uljanovsk"]
[Date "2008.06.14"]
[Round "1"]
[White "Pirogov, Vladislav"]
[Black "Naumetov, Robert"]
[Result "0-1"]
[WhiteElo "1633"]
[BlackElo "1947"]
[PlyCount "78"]
[EventDate "2008.06.14"]
[EventType "swiss"]
[EventRounds "9"]
[EventCountry "RUS"]
[SourceTitle "EXT 2022"]
[Source "ChessBase"]
[SourceDate "2021.10.06"]
[SourceVersion "1"]
[SourceVersionDate "2021.10.06"]
[SourceQuality "1"]

1. d4 d5 2. c4 c6 3. e3 Nf6 4. Qc2 Nbd7 5. Nf3 e6 6. Nbd2 Bd6 7. Bd3 0-0 8. 0-0 Qe7 9. b3 e5 10. dxe5 Nxe5 11. Nxe5 Bxe5 12. Bb2 Bxb2 13. Qxb2 dxc4 14. Nxc4 Bg4 15. Rac1 Rad8 16. Be2 Bxe2 17. Qxe2 Ne4 18. Rfd1 Rxd1+ 19. Qxd1 Rd8 20. Qe2 h6 21. Rd1 Rxd1+ 22. Qxd1 Qf6 23. f3 Nc3 24. Qd2 Nd5 25. e4 Nf4 26. Nd6 Qg5 27. Qc2 Nh3+ 28. Kf1 Qe5 29. gxh3 Qxd6 30. Kg2 c5 31. b4 b6 32. bxc5 bxc5 33. Qa4 Qd2+ 34. Kg3 Qe1+ 35. Kg2 Qe2+ 36. Kg3 Qf1 37. Qe8+ Kh7 38. Qxf7 Qg1+ 39. Kh4 Qg5# 0-1

[Event "Uljanovsk op"]
[Site "Uljanovsk"]
[Date "2008.02.04"]
[Round "6"]
[White "Elistratov, Ilia"]
[Black "Naumetov, Robert"]
[Result "1-0"]
[WhiteElo "2196"]
[BlackElo "1896"]
[PlyCount "93"]
[EventDate "2008.02.01"]
[EventType "swiss"]
[EventRounds "9"]
[EventCountry "RUS"]
[SourceTitle "EXT 2009"]
[Source "ChessBase"]
[SourceDate "2008.11.26"]
[SourceVersion "1"]
[SourceVersionDate "2008.11.26"]
[SourceQuality "1"]

1. e4 c5 2. f4 Nc6 3. Nf3 d6 4. Bb5 e6 5. Nc3 Nf6 6. 0-0 Bd7 7. e5 dxe5 8. Nxe5 Nxe5 9. fxe5 Bxb5 10. Nxb5 a6 11. exf6 axb5 12. Qf3 Qd7 13. d3 gxf6 14. Qxf6 Qd4+ 15. Qxd4 cxd4 16. Bg5 Be7 17. Bf6 Bxf6 18. Rxf6 Ke7 19. Raf1 Rxa2 20. Rxf7+ Kd6 21. Rb1 b6 22. Kf1 h5 23. Ke2 Rg8 24. g3 Rc8 25. Kd2 Rc5 26. Rf4 Rd5 27. Re1 Rxb2 28. Kc1 Ra2 29. Kb1 Ra8 30. Ree4 Ra4 31. Rf6 Rb4+ 32. Kc1 Ke7 33. Rexe6+ Kd7 34. Rxb6 Re5 35. Rb7+ Kc8 36. Rh7 Re8 37. Rc6+ Kb8 38. Rb6+ Ka8 39. Rxh5 Re1+ 40. Kd2 Rbb1 41. c3 Rbd1+ 42. Kc2 Rc1+ 43. Kb2 Rb1+ 44. Ka3 dxc3 45. Rf6 c2 46. Rh8+ Kb7 47. Rh7+ 1-0

[Event "Uljanovsk op"]
[Site "Uljanovsk"]
[Date "2008.02.03"]
[Round "4"]
[White "Trushnikov, Viacheslav"]
[Black "Naumetov, Robert"]
[Result "1/2-1/2"]
[WhiteElo "2020"]
[BlackElo "1896"]
[PlyCount "91"]
[EventDate "2008.02.01"]
[EventType "swiss"]
[EventRounds "9"]
[EventCountry "RUS"]
[SourceTitle "EXT 2009"]
[Source "ChessBase"]
[SourceDate "2008.11.26"]
[SourceVersion "1"]
[SourceVersionDate "2008.11.26"]
[SourceQuality "1"]

1. Nf3 d5 2. b3 Nf6 3. Bb2 Bf5 4. e3 Nbd7 5. Be2 e6 6. Nh4 Bg6 7. Nxg6 hxg6 8. Nc3 a6 9. h3 Bd6 10. d3 c5 11. Nb1 b5 12. a4 Rb8 13. axb5 axb5 14. Nd2 Qc7 15. Ba3 Be5 16. Rb1 Ra8 17. Bb2 Bxb2 18. Rxb2 0-0 19. 0-0 Qe5 20. Qc1 b4 21. e4 Ra7 22. Nf3 Qc3 23. exd5 exd5 24. Rb1 Ra2 25. Bd1 Re8 26. Qd2 Qxd2 27. Nxd2 Ne5 28. Nf3 Nxf3+ 29. gxf3 d4 30. Rc1 Nd5 31. Kh2 g5 32. Rg1 f6 33. Rg4 Nf4 34. h4 Re5 35. hxg5 fxg5 36. Kg3 Kf7 37. Rxf4+ gxf4+ 38. Kxf4 Kf6 39. Kg3 g5 40. f4 gxf4+ 41. Kxf4 Rf5+ 42. Kg3 Ra7 43. Bg4 Rg7 44. Ra1 Rfg5 45. Ra6+ Kf7 46. f3 1/2-1/2